00447 a2200121 4500001001000000005001700010008004100027245010000068100001800168700002500186773009700211999001700308ART_4859520260410162018.0260409a 10aEl plan de vacunación obligatoria de los hijos prevalece ante la negativa de los progenitores1 aOlmo, Juan P.1 aScasserra, Selene I.0 tTemas de derecho de familia, sucesiones y bioéticag- Año 4, N° 3 (mar. 2019)wREV41029 c32890d32890